000 00337nam a22001217a 4500
008 180517b xxu||||| |||| 00| 0 eng d
041 _aeng
080 _a043.3
100 _a0
101 _aSHKI-BTH
245 _aHistoriku i gjeneratave (1G, 2G, 3G, 4G), përshkrimi i teknikave dhe migrimi TDM në ATM
_cRizvanolli,G
942 _2udc
_cBK
999 _c45893
_d45893